Pensar sobre Dios y otros ensayos
Saved in:
| Hovedforfatter: | |
|---|---|
| Format: | Bog |
| Sprog: | spansk |
| Udgivet: |
Barcelona
Herder
1998
|
| Udgivelse: | 1a. ed |
| Serier: | Biblioteca de Filosofía
|
| Fag: | |
| Tags: |
Tilføj Tag
Ingen Tags, Vær først til at tagge denne postø!
|
MARC
| LEADER | 00000cam a2200000 a 4500 | ||
|---|---|---|---|
| 001 | UCD2158 | ||
| 003 | CL-VaPUC | ||
| 008 | 160414e19980000sp |||||||||||||||||spa|d | ||
| 020 | |a 8425420555 | ||
| 082 | 0 | 4 | |a 212.1 |b JON |2 21 |
| 100 | |a Jonas, Hans |e author |9 503761 | ||
| 245 | 1 | 0 | |a Pensar sobre Dios y otros ensayos |
| 250 | |a 1a. ed | ||
| 300 | |a 261 p | ||
| 942 | |c BK | ||
| 945 | |d 20160414 22:20:00 |a arojas | ||
| 260 | |a Barcelona |b Herder |c 1998 | ||
| 600 | 0 | |a Dios |9 314467 | |
| 650 | 0 | |a Existencia de Dios |9 266954 | |
| 650 | 0 | |a Ensayos |9 268724 | |
| 583 | |a last modification |c 20160414 22:20:00 |k Rodrigo Vera | ||
| 490 | 0 | |a Biblioteca de Filosofía | |
| 999 | |c 363353 |d 363351 | ||
| 952 | |0 0 |1 0 |2 ddc |3 erb |4 0 |6 212_100000000000000_JON_1998 |7 0 |8 A |9 475545 |a BIBTEO |b BIBTEO |i 5281563 |l 2 |o 212.1 JON 1998 |p 5281563 |r 2025-01-17 |s 2022-07-27 |w 2019-11-24 |y BK |z Catalogado en:20160414 |k ICR | ||